| 000 | 00722nam a22002417a 4500 | ||
|---|---|---|---|
| 003 | PILC | ||
| 005 | 20151021123442.0 | ||
| 008 | 130313t xxu||||| |||| 00| 0 eng d | ||
| 020 | _a9780375813573 | ||
| 050 |
_aG 530.T6 _b.Os82 2002 |
||
| 082 |
_aGS 910.91634 _bOs1 2002 |
||
| 100 |
_aOsborne, Will _95054 |
||
| 245 |
_aTitanic _cOsborne, Will |
||
| 260 |
_aNew York : _bRandon House, _cc2002. |
||
| 300 |
_a135 p. _bill, ; _c19 cm |
||
| 562 | _e1 | ||
| 650 |
_aTitanic (Steamship) _xJuvenile literature. _922103 |
||
| 650 |
_aTitanic (Steamship). _922104 |
||
| 650 |
_aShipwrecks _xNorth Atlantic Ocean _xJuvenile literature. _922105 |
||
| 650 |
_aShipwrecks. _920389 |
||
| 942 |
_2lcc _cBK |
||
| 999 |
_c12316 _d12316 |
||